000
00350nam a2200169Ia 4500
100
_a
Britton/C/ Rorabaugh
650
_a
DSP
942
_c
BK
366
_f
20
654
_a
DSP
245
_a
DSP Primer
260
_b
Tata Mc Graw hill Ltd.
_a
New Delhi
_c
1999
082
_a
621.3822/BRI
_b
BRI
300
_a
518
546
_a
ENGLISH
999
_c
18321
_d
18321